Entourage Women Quiz Stats

 Plays Quiz not verified by Sporcle

Also try: NYC on TV
Challenge
Share
Tweet
Embed
Score 0/29 Timer 12:00
0 Plays Today
Episode Name % Correct
The ReviewJessica Alba
60%
I Love You, TooJesse Jane
40.9%
Blue Balls LagoonBrooke Shields
38.3%
Talk ShowSarah Silverman
34.8%
The All Out Fall OutWhoopi Goldberg
27.8%
Talk ShowSara Foster
27%
AquamansionKendra Wilkinson
24.3%
I Love You, TooVanessa Angel
24.3%
AquamansionHolly Madison
21.7%
PilotAli Larter
20%
Tree TrippersKatie Morgan
20%
The Boys Are Back In TownAmanda Peet
18.3%
Gary's DeskMary J. Blige
18.3%
Oh, MandyDr. Joyce Brothers
16.5%
The BatmitzvahMelinda Clarke
16.5%
Episode Name % Correct
New YorkScarlett Johansson
14.8%
AquamomMaria Menounos
14.8%
Crash and BurnPenny Marshall
13.9%
I Love You, TooDevon
12.2%
The Prince's BrideMarissa Miller
11.3%
My Maserati Does 185Jaime Pressly
9.6%
I Love You, TooTeagan Pressley
8.7%
The All Out Fall OutElizabeth Hasselbeck
8.7%
Seth Green DayJenaveve Jolie
7%
AquamansionBridget Marquadt
3.5%
The All Out Fall OutSherri Shepherd
2.6%
Playin' With FireJoy Bryant
2.6%
Adios AmigosMonique Alexander
1.7%
Adios AmigosRoxy Jezel
1.7%

You're not logged in!

Compare scores with friends on all Sporcle quizzes.
Join for Free
OR
Log In

You Might Also Like...

Show Comments

Extras

Created Jun 17, 2010ReportNominate
Tags:Entourage, episode, women

Top Quizzes Today


Score Distribution

Your Account Isn't Verified!

In order to create a playlist on Sporcle, you need to verify the email address you used during registration. Go to your Sporcle Settings to finish the process.

Report this User

Report this user for behavior that violates our Community Guidelines.

Details: